<?xml version="1.0" encoding="UTF-8"?>
<record
    xmlns:xsi="http://www.w3.org/2001/XMLSchema-instance"
    xsi:schemaLocation="http://www.loc.gov/MARC21/slim http://www.loc.gov/standards/marcxml/schema/MARC21slim.xsd"
    xmlns="http://www.loc.gov/MARC21/slim">

  <leader>01832nam a22003017a 4500</leader>
  <controlfield tag="005">20180803170149.0</controlfield>
  <controlfield tag="008">150827t2015    ck |||||r|||| 00| 0 spa d</controlfield>
  <datafield tag="020" ind1=" " ind2=" ">
    <subfield code="a">9789588537917</subfield>
  </datafield>
  <datafield tag="040" ind1=" " ind2=" ">
    <subfield code="a">CO-BoIAVH</subfield>
    <subfield code="c">CO-BoIAVH</subfield>
  </datafield>
  <datafield tag="041" ind1="0" ind2=" ">
    <subfield code="a">spa</subfield>
  </datafield>
  <datafield tag="044" ind1=" " ind2=" ">
    <subfield code="a">ck</subfield>
  </datafield>
  <datafield tag="082" ind1="0" ind2="4">
    <subfield code="a">623.8542</subfield>
    <subfield code="b">L92p</subfield>
  </datafield>
  <datafield tag="100" ind1="1" ind2=" ">
    <subfield code="a">Lozano-Rivas, William Antonio</subfield>
  </datafield>
  <datafield tag="245" ind1="1" ind2=" ">
    <subfield code="a">Potabilizaci&#xF3;n del agua:</subfield>
    <subfield code="b">Principios de dise&#xF1;o, control de procesos y laboratorio / </subfield>
    <subfield code="c">William Antonio, Lozano-Rivas y Guillermo Lozano Bravo.</subfield>
  </datafield>
  <datafield tag="260" ind1=" " ind2=" ">
    <subfield code="a">Bogot&#xE1; (Colombia):</subfield>
    <subfield code="b">Universidad Piloto de Colombia,</subfield>
    <subfield code="c">2015.</subfield>
  </datafield>
  <datafield tag="300" ind1=" " ind2=" ">
    <subfield code="a">370 p.</subfield>
    <subfield code="b">ilustraciones, tablas y gr&#xE1;ficas.</subfield>
    <subfield code="c">24 cm</subfield>
  </datafield>
  <datafield tag="500" ind1=" " ind2=" ">
    <subfield code="a">Incluye anexos.</subfield>
  </datafield>
  <datafield tag="504" ind1=" " ind2=" ">
    <subfield code="a">Incluye referencias bibliogr&#xE1;ficas (P&#xE1;ginas 347-352).</subfield>
  </datafield>
  <datafield tag="505" ind1=" " ind2=" ">
    <subfield code="a">1. Generalidades de la calidad del agua para consumo humano.
2. Generalidades de la potabilizaci&#xF3;n.
3. Dotaci&#xF3;n, caudales y periodo de dise&#xF1;o.
4. Dise&#xF1;o de unidades preliminares.
5. Dise&#xF1;o del canal de entrada.
6. Fundamentos de los procesos de clarificaci&#xF3;n.
7. Dise&#xF1;o de mezcladores r&#xE1;pidos.
8. Dise&#xF1;o de mezcladores lentos o flocuadores.
9. Dise&#xF1;o de sedimentadores.
10. Dise&#xF1;o de unidades de filtraci&#xF3;n.
11. Desinfecci&#xF3;n.
12. Tratamiento de los lodos en la potabilizaci&#xF3;n.
13. Errores m&#xE1;s frecuentes de dise&#xF1;o y operaci&#xF3;n.
14. Pruebas de jarras, ensayos de tratabilidad y pruebas de campo: datos para el dise&#xF1;o y el control de la potabilizaci&#xF3;n.</subfield>
  </datafield>
  <datafield tag="650" ind1=" " ind2="6">
    <subfield code="a">Agua potable</subfield>
  </datafield>
  <datafield tag="650" ind1=" " ind2="6">
    <subfield code="a">Procesos de potabilizaci&#xF3;n del agua</subfield>
    <subfield code="x">C&#xE1;lculos.</subfield>
  </datafield>
  <datafield tag="650" ind1=" " ind2="6">
    <subfield code="a">Potabilizaci&#xF3;n del agua</subfield>
  </datafield>
  <datafield tag="650" ind1=" " ind2="6">
    <subfield code="a">Potabilizaci&#xF3;n del agua</subfield>
    <subfield code="x">Procesos</subfield>
  </datafield>
  <datafield tag="650" ind1=" " ind2="6">
    <subfield code="a">Potabilizaci&#xF3;n del agua</subfield>
    <subfield code="x">Herramientas</subfield>
  </datafield>
  <datafield tag="650" ind1=" " ind2="6">
    <subfield code="a">Potabilizaci&#xF3;n del agua</subfield>
    <subfield code="x">Desinfecci&#xF3;n</subfield>
  </datafield>
  <datafield tag="700" ind1="1" ind2=" ">
    <subfield code="a">Lozano Bravo, Guillermo</subfield>
  </datafield>
  <datafield tag="942" ind1=" " ind2=" ">
    <subfield code="2">ddc</subfield>
    <subfield code="c">LIBRO</subfield>
  </datafield>
  <datafield tag="999" ind1=" " ind2=" ">
    <subfield code="c">17721</subfield>
    <subfield code="d">17721</subfield>
  </datafield>
  <datafield tag="952" ind1=" " ind2=" ">
    <subfield code="0">0</subfield>
    <subfield code="1">0</subfield>
    <subfield code="2">ddc</subfield>
    <subfield code="4">0</subfield>
    <subfield code="7">0</subfield>
    <subfield code="8">GENERAL</subfield>
    <subfield code="I">INV2017</subfield>
    <subfield code="a">Bogota</subfield>
    <subfield code="b">Bogota</subfield>
    <subfield code="d">2015-08-27</subfield>
    <subfield code="e">Instituto</subfield>
    <subfield code="g">39000.00</subfield>
    <subfield code="l">0</subfield>
    <subfield code="o">LB-623.8542 L92p</subfield>
    <subfield code="p">042135</subfield>
    <subfield code="r">2015-08-27 00:00:00</subfield>
    <subfield code="t">Ej. 1</subfield>
    <subfield code="w">2015-08-27</subfield>
    <subfield code="x">Donaci&#xF3;n</subfield>
    <subfield code="y">LIBRO</subfield>
  </datafield>
</record>
